Регионална библиотека "Любен Каравелов" - Русе

Lietuvos gobelenas (Запис номер 210174)

MARC детайли
000 -Лидер
Контролно поле с фиксирана дължина 01045nkm a2200313 c 4500
003 - Код на организацията, давaща контролен номер
Контролно поле BLK
005 - Дата и час на последна редакция
Контролно поле 20200429153145.0
008 - Елементи от данни с фиксирана дължина
fixed length control field 180412b bul rap|r|||| r0| ||bulo|
010 ## - Наследен системен номер
LC control number KNG00162830000
040 ## - Източник на каталожния запис
Идентификатор на билиотеката - собственик на записа BLK
041 ## - Код за език
Код за езика на текст/звукозапис или на отделно заглавие Литовски
Код за езика КДБФ Други
080 ## - УДК
Текстов определител УДК Художествени тъкани. Текстилно изкуство
УДК код - определител по УДК 745.52
УДК определител (474.5)
УДК - код + определител 745.52(474.5)
139 ## - Редно поле
Редна дума Lietuvos gobelenas
Авторски знак Lie - L 69
Feature heading Л 69
245 10 - Сведения за заглавието
Заглавие Lietuvos gobelenas
257 ## - Страна на издаване
Страна на създаване/издаване Литва
260 ## - Област на издателските данни
Име на издателя, разпространителя и проч. Vaga
Година на издаване 1983
300 ## - Физическа характеристика
Страници 240 p.
Илюстрации и др. ill.
Размери/Мащаб 34 cm
380 ## - Жанр
Жанр Изкуство
500 ## - Общи забележки
Забележка Списък на репрод. - Рез. на рус., англ.
650 #4 - Допълнително описание по предмет – тема
Основно описание – тема или топоним Тъкани, художествени
9 (RLIN) 270976
651 #4 - Допълнително описание по предмет - топоним
Географско понятие Литва
9 (RLIN) 179143
653 ## - Ключова дума – ненормативна
Ключова дума художествени тъкани
653 ## - Ключова дума – ненормативна
Ключова дума гоблени
852 ## - Местоположение
Форматна сигнатура Цб Гр А ІІ 3026
856 4# - Електронен адрес и достъп
Електронен формат pdf - файл
Път до файла /url/
856 4# - Електронен адрес и достъп
Електронен формат pdf - файл
Път до файла /url/
999 ## - СИСТЕМНИ КОНТРОЛНИ НОМЕРА
Koha biblionumber 210174
Koha biblioitemnumber 210174
942 ## - АРТИКУЛИ
Вид на библиотечния материал Графични издания
Скрит в OPAC Не
Периодичен библиозапис Да
944 ## - СЪЗДАВАНЕ И РЕДАКЦИЯ на ЗАПИСА
Създаване/Редакция Създаване
Дата на регистрацията/редакция 05.07.2014
Статус, дата на статуса 05.07.2014 - от С1,Р / 05.07.2014
Служител, извършил регистрацията/редакцията Камелия_Данева
944 ## - СЪЗДАВАНЕ И РЕДАКЦИЯ на ЗАПИСА
Създаване/Редакция Редакция
Дата на регистрацията/редакция 05.07.2014
Статус, дата на статуса 05.07.2014 - от С1,Р / 05.07.2014
999 ## - СИСТЕМНИ КОНТРОЛНИ НОМЕРА
Koha biblioitemnumber 210174
Наличности
Код за отписване Код за изгубен артикул Източник на класификационната схема Код за повреда Коз за рестрикции Код за отдаване Артикулен № Име на библиотеката - собственик Име на библиотеката, в която се намира в момента Статус (Текущо местоположение) Дата на вписване в системата Местоположение - отдел Цена в лева Инвентарен номер Систематично азбучна сигнатура Баркод Номер на екземпляра Цена в евро Служебна бележка Служебен тип на артикула
  Не е изгубен Universal Decimal Classification Не е повреден без рестрикции заемане за дома 361682 Регионална библиотека "Любен Каравелов" Русе Регионална библиотека "Любен Каравелов" Русе Отдел Изкуство - подръчен фонд 1983-01-01 Отдел Изкуство - подръчен фонд 13.68 405989 745/749/Л 69 120000405989 1 6.99 Дост: Pk Вид: Ф N: стар фонд Дата: 01.01.1983 Дата инв: 03.06.2015 Бележки инв: ГрИ2015 Графични издания
Vip Innovations Ltd, Rousse, Bulgaria 2025